Statistics for Only Fools and Horses characters

Click here to take the quiz!

General Stats

  • This quiz has been taken 1,070 times
  • The average score is 13 of 20

Answer Stats

HintAnswer% Correct
Sir David JasonDerek Trotter
100%
Nicholas LyndhurstRodney Trotter
99%
Lennard PearceEdward Trotter
98%
Buster MerryfieldAlbert Trotter
97%
Roger Lloyd PackColin "Trigger" Ball
97%
John ChallisAubrey Boyce
92%
Gwyneth StrongCassandra Trotter
92%
Tessa Peake-JonesRaquel Trotter
89%
Kenneth MacDonaldMike Fisher
84%
Sue HoldernessMarlene Boyce
82%
Paul BarberDenzil Tulser
78%
Patrick MurrayMickey Pearce
71%
Jim BroadbentRoy Slater
68%
Ben SmithDamien Trotter
55%
Roy HeatherSid
52%
Denis LillAlan Parry
37%
Steven WoodcockJevon
29%
Wanda VenthamPamela Parry
13%
Christopher MitchellPC Terry Hoskins
8%
Nula ConwellMaureen the Barmaid
3%

Score Distribution

Percentile by Number Answered

Percent of People with Each Score

Your Score History

You have not taken this quiz